| 000 | 00951nam a2200253 i 4500 | ||
|---|---|---|---|
| 001 | bg | ||
| 100 | 1 | _aKASZYŃSKI, Jerzy | |
| 245 | 1 | 0 |
_aUltradźwiękowe badania betonu z uwzględnieniem strefy zbrojenia i zarysowania / _cJerzy Kaszyński. |
| 260 |
_aSzczecin : _bWydaw. Uczelniane PS, _c2002. |
||
| 300 |
_a136 s. : _bil. ; _c24 cm. |
||
| 490 | 1 |
_aPrace Naukowe Politechniki Szczecińskiej. Katedra Konstrukcji Żelbetowych i Technologii Betonu ; _vnr 2 |
|
| 500 | _aNumer serii gł.: 575. - Streszcz. ang., niem. | ||
| 504 | _aBibliogr. | ||
| 650 | 9 |
_aBeton _xbadanie _xmetody |
|
| 650 | 9 |
_aUltradźwięki _xstosowanie _xtechnika |
|
| 830 | _aPrace Naukowe Politechniki Szczecińskiej. Katedra Konstrukcji Żelbetowych i Technologii Betonu ; | ||
| 020 | _a8388764470 | ||
| 040 | _cBPK | ||
| 041 | 0 |
_apol _bengdeu |
|
| 080 | _a666.97/.98:534:620.17 | ||
| 920 | _a83-88764-47-0 | ||
| 942 | _cKS | ||
| 008 | s pl f |000 0 pol | ||
| 999 |
_c43467 _d43467 |
||
| 856 |
_uhttp://koha.tu.koszalin.pl/cgi-bin/koha/opac-detail.pl?biblionumber=43467 _yKatalog online BPK |
||